000 00472nam a22001817a 4500
008 180928b xxu||||| |||| 00| | tur d
020 _a9754944458
041 _atur
050 _aPL248.B85
100 _aBuyrukçu, Muzaffer
_91147
245 _aYüzün Yarısı Gece
250 _a1. Baskı
260 _aAnkara
_bBilgi Yayınevi
_cMart 1994
300 _a249 Sayfa
500 _aBilgi yayınları Yeni Dizi: 31
650 0 _9145
_aTürk Edebiyatı
942 _2lcc
_cBK
999 _c2602
_d2559